LEADER 01046nam0 2200277 450 001 000031915 005 20130307145115.0 100 $a20120319d1976----km-y0itaa50------ba 101 0 $aita 102 $aIT 200 1 $aCronache fra due secoli$elotte politiche e sociali dal 1896 al 1909 in una cittą del Salento attraverso la stampa socialista$fCarlo Caggia$gintroduzione di Aldo Vallone 210 $a[Galatina]$cCongedo$dstampa 1976 215 $a177 p.$cill.$d21 cm 225 2 $a<> altro Sud$v2 410 0$12001$a<> altro Sud$v2 700 1$aCaggia,$bCarlo$0445998 702 1$aVallone,$bAldo 801 0$aIT$bUniversitą della Basilicata - B.I.A.$gRICA$2unimarc 912 $a000031915 996 $aCronache fra due secoli$998118 997 $aUNIBAS BAS $aLETTERE CAT $aSTD078$b01$c20120319$lBAS01$h1157 CAT $aTTM$b30$c20130307$lBAS01$h1451 FMT Z30 -1$lBAS01$LBAS01$mBOOK$1BASA1$APolo Storico-Umanistico$2GEN$BCollezione generale$3FP/48971$648971$5L48971$820120319$f02$FPrestabile Generale LEADER 01167nmm a22003255u 4500 001 991001288929707536 007 cr nn 008mamaa 008 100626s2009 it j eng d 020 $a9788847011526 035 $ab13990937-39ule_inst 040 $aDip.to Matematica$beng 245 00$aCardiovascular mathematics$h[e-book] :$bmodeling and simulation of the circulatory system /$cedited by Luca Formaggia, Alfio Quarteroni, Alessandro Veneziani 260 $aMilano :$bSpringer,$c2009 300 $bv.: digital 440 0$aMS&A ;$v1 650 0$aMathematics 650 0$aCardiology 650 0$aDifferential equations, partial 650 0$aBiology$xMathematics 650 0$aPhysiology$xMathematics 700 1 $aFormaggia, Luca 700 1 $aQuarteroni, Alfio 700 1 $aVeneziani, Alessandro 773 0 $aSpringer eBooks 856 40$uhttp://dx.doi.org/10.1007/978-88-470-1152-6$zAn electronic book accessible through the World Wide Web 907 $a.b13990937$b03-03-22$c28-06-11 912 $a991001288929707536 996 $aCardiovascular mathematics$9247449 997 $aUNISALENTO 998 $ale013$b28-06-11$cm$d@ $e-$feng$git $h0$i0